[Event "Budapest FS08 IM"]
[Site "Budapest"]
[Date "1996.??.??"]
[Round "7"]
[White "Antal, Gergely"]
[Black "Vukovic, Ivo"]
[Result "1-0"]
[WhiteElo "2195"]
[BlackElo "2310"]

1.e4 g6 2.d4 Bg7 3.Nc3 d6 4.f4 Nf6 5.Nf3 c5 6.dxc5 Qa5 7.Bd3 Qxc5 8.Qe2 Nc6
9.Be3 Qa5 10.h3 Nh5 11.Qd2 Ng3 12.Rg1 f5 13.exf5 Bxf5 14.Bf2 Bxd3 15.Qxd3 Nh5
16.g3 Rc8 17.Nd4 Nb4 18.Qd2 O-O 19.a3 Nd5 20.Nce2 Qxd2+ 21.Kxd2 Nhf6 22.Rgf1 Ne4+
23.Kd3 Nc5+ 24.Kd2 e5 25.Nb5 Ne4+ 26.Kd3 Nxf2+ 27.Rxf2 e4+ 28.Kxe4 Rxc2 29.Rb1 Rd2
30.Kf3 Re8 31.Nec3 Re3+ 32.Kg2 Nxc3 33.bxc3 Rdd3 34.Nxa7 Rxg3+ 35.Kf1 Rxh3
36.Rxb7 Bxc3 37.Nb5 Bd4 38.Nxd4 Rxd4 39.f5 Rd1+ 40.Ke2  1-0

[Event "Budapest FS02 IM"]
[Site "Budapest"]
[Date "1996.??.??"]
[Round "9"]
[White "Turzo, Attila"]
[Black "Farago, Sandor"]
[Result "1/2-1/2"]
[WhiteElo "2360"]
[BlackElo "2365"]

1.e4 g6 2.d4 Bg7 3.Nc3 d6 4.Nf3 Nf6 5.Be2 O-O 6.O-O c5 7.d5 Na6 8.Bg5 Nc7
9.a4 b6 10.Bc4 Bb7 11.Qd3 Qd7 12.Rfe1 Rad8 13.Rad1 Rfe8 14.h3 Qc8  1/2-1/2

[Event "Budapest FS11 IM"]
[Site "Budapest"]
[Date "1996.??.??"]
[Round "9"]
[White "Martic, Zlatko"]
[Black "Dudas, Jan"]
[Result "1-0"]
[WhiteElo "2275"]
[BlackElo "2395"]

1.d4 d6 2.e4 g6 3.Nc3 Bg7 4.Bg5 c6 5.Qd2 Qa5 6.f4 h6 7.Bh4 Nf6 8.Nf3 Bg4
9.e5 Nd5 10.Be2 Nxc3 11.bxc3 g5 12.fxg5 Bxf3 13.Bxf3 dxe5 14.O-O hxg5 15.Bxg5 f5
16.Bxe7 Kxe7 17.Qg5+ Bf6 18.Qxf5 Qxc3 19.Bg4 Rh6 20.Qe6+ Kd8 21.Qd6+ Ke8
22.Rae1 Be7 23.Qxe5 Rh7 24.Bf5 Nd7 25.Bxd7+ Kd8 26.Bf5 Rf7 27.Rf3 Qb4 28.Qe6 Kc7
29.Qd7+ Kb6 30.Rb3 Raf8 31.Rxe7 Qxb3 32.Qxb7+ Ka5 33.Qxa7+ Kb5 34.axb3 Rxe7
35.Qc5+ Ka6 36.Bd3+  1-0

[Event "Budapest FS08 GM"]
[Site "Budapest"]
[Date "1996.??.??"]
[Round "10"]
[White "Arnold, Lothar"]
[Black "Haub, Thorsten Michael"]
[Result "1-0"]
[WhiteElo "2375"]
[BlackElo "2310"]

1.e4 g6 2.d4 Bg7 3.Nc3 d6 4.Be3 a6 5.a4 b6 6.Nf3 e6 7.Bd3 Nd7 8.Qd2 h6 9.O-O Ne7
10.h3 Bb7 11.Rfe1 g5 12.Rab1 Ng6 13.Nh2 O-O 14.f3 Kh7 15.Ne2 Qe7 16.c3 Nf6
17.Ng3 e5 18.Nf5 Qe8 19.Bc2 Nd7 20.Kf2 f6 21.Rh1 Nh4 22.Rbe1 Nxf5 23.exf5 Rh8
24.h4 Kg8 25.Bb3+ Kf8 26.Ng4 gxh4 27.Nxh6 d5 28.Rxh4 Ke7 29.Reh1 c6 30.c4 exd4
31.Bxd4 Kd6 32.cxd5 c5 33.Bc3 Qf8 34.Ng4 Rxh4 35.Rxh4 Re8 36.Rh7 b5 37.axb5 axb5
38.Qf4+ Ne5 39.Nxe5 fxe5 40.Qg3 Re7 41.Qg6+ Kd7 42.d6  1-0

[Event "JUG-chT"]
[Site "Budva"]
[Date "1996.??.??"]
[Round "1"]
[White "Petronic, Jovan"]
[Black "Novoselski, Zoran"]
[Result "1/2-1/2"]
[WhiteElo "2435"]
[BlackElo "2365"]

1.d4 g6 2.e4 Bg7 3.Nc3 d6 4.f4 Nc6 5.Bb5 a6 6.Bxc6+ bxc6 7.Nf3 Nf6 8.O-O O-O
9.Qe1 Nd7 10.Be3 e6 11.Rd1 Qe7 12.e5 Bb7 13.Na4 c5 14.exd6 cxd6 15.dxc5 Nxc5
16.Nxc5 dxc5 17.Ne5 Rfd8 18.Qf2 Rxd1 19.Rxd1 Rd8 20.Rxd8+ Qxd8 21.h3 Qd1+
22.Kh2 Be4 23.c3 f6 24.Nc4 Bd5 25.Nb6 c4 26.Bd4 Qb1 27.Nxd5 exd5 28.Qf3 Qe4
29.Qxe4 dxe4 30.Kg3 Kf7 31.Kf2 Bf8 32.g4 Ke6 33.Ke2 f5 34.g5 Bd6 35.Be3 Kd5
36.Kd2 Kc6 37.Kc2 Kb5 38.Kd1 a5 39.Kc2 a4 40.a3 Kc6 41.Kd2 Kd5 42.Ke2 Bf8
43.Kf2 h6 44.h4 hxg5 45.hxg5 Bd6 46.Ke2 Be7 47.Kf2 Bd8 48.Kg2  1/2-1/2

[Event "JUG-chT"]
[Site "Budva"]
[Date "1996.??.??"]
[Round "4"]
[White "Kovacevic, Aleksandar"]
[Black "Todorcevic, Miodrag"]
[Result "1-0"]
[WhiteElo "2430"]
[BlackElo "2450"]

1.e4 g6 2.d4 Bg7 3.Nc3 d6 4.f4 Nf6 5.Nf3 O-O 6.Bd3 Na6 7.O-O c5 8.d5 Bg4
9.Qe1 Nb4 10.a3 Nxd3 11.cxd3 Rc8 12.Nd2 Bd7 13.a4 a6 14.a5 Bb5 15.Nc4 Bxc4
16.dxc4 b6 17.Bd2 Rb8 18.e5 Nd7 19.e6 Nf6 20.f5 bxa5 21.Nd1 fxe6 22.Qxe6+ Kh8
23.fxg6 Qc8 24.Qxe7 Qg4 25.Bc3 Qxg6 26.Qxd6 Rbe8 27.Nf2 Nh5 28.Qxg6 hxg6
29.Bxg7+ Kxg7 30.Nd3 Rxf1+ 31.Kxf1 Nf6 32.Nxc5 Rc8 33.Rxa5 Ng4 34.b3 Ne3+
35.Kf2 Nc2 36.Ne6+ Kf6 37.Rxa6 Ke5 38.Ng5 Nb4 39.Rb6  1-0

[Event "JUG-chT"]
[Site "Budva"]
[Date "1996.??.??"]
[Round "5"]
[White "Benderac, Srdjan"]
[Black "Bogdanovski, Vlatko"]
[Result "1-0"]
[WhiteElo "2240"]
[BlackElo "2455"]

1.e4 d6 2.d4 g6 3.Nc3 Bg7 4.Bg5 a6 5.Qd2 Nd7 6.Nf3 c5 7.h4 b5 8.h5 Bb7 9.O-O-O Qa5
10.Kb1 gxh5 11.Rxh5 Ndf6 12.Bxf6 Nxf6 13.Rf5 O-O-O 14.dxc5 e6 15.Rg5 Bh6
16.cxd6 Qb6 17.Na4 Qc6 18.Qd4 Nxe4 19.Nb6+ Kb8 20.Ne5 Qxd6 21.Ned7+ Kc7 22.Qxd6+ Nxd6
23.Rc5+  1-0

[Event "Bissell op"]
[Site "Buenos Aires"]
[Date "1996.??.??"]
[Round "2"]
[White "Torres, Sergio"]
[Black "Bronstein, Luis"]
[Result "0-1"]
[WhiteElo "2330"]
[BlackElo "2415"]

1.e4 g6 2.d4 Bg7 3.Nc3 d6 4.Bg5 c5 5.dxc5 Qa5 6.Qd2 Qxc5 7.Nd5 Be6 8.Be3 Qc8
9.Bd4 Kf8 10.Nf3 Bxd5 11.exd5 Nd7 12.Bxg7+ Kxg7 13.h4 h5 14.O-O-O Qc5 15.Ng5 Ngf6
16.Rh3 Rac8 17.Rb3 Qc7 18.Rg3 Ne5 19.f4 Nc4 20.Qd3 Rh6 21.Qd4 Ne3 22.Bd3 Nxd1
23.f5 Qc5 24.Qxc5 Rxc5 25.fxg6 Nf2 26.gxf7 Nxd3+ 27.Rxd3 Rxd5 28.Rc3 Rh8
29.Rg3 Rxg5 30.hxg5 Ne4 31.Re3 d5 32.c4 Kxf7 33.g6+ Kxg6 34.cxd5 Kf5 35.Rb3 b6
36.Ra3 Nf6 37.Rxa7 Nxd5 38.Kd2 Rg8  0-1

[Event "Buenos Aires tt"]
[Site "Buenos Aires"]
[Date "1996.??.??"]
[Round "4"]
[White "Escandell, Juan Carlos"]
[Black "Sorokin, Maxim"]
[Result "0-1"]
[WhiteElo "2270"]
[BlackElo "2550"]

1.e4 g6 2.d4 Bg7 3.Nc3 d6 4.f4 a6 5.Nf3 b5 6.Be3 Bb7 7.Bd3 Nd7 8.a4 b4 9.Nb1 Ngf6
10.Nbd2 O-O 11.h3 c5 12.d5 e6 13.dxe6 fxe6 14.O-O Qe7 15.Qe1 d5 16.Qh4 Rae8
17.exd5 Nxd5 18.Qxe7 Rxe7 19.Rae1 Bxb2 20.g3 Nxe3 21.Rxe3 Bd4 22.Nxd4 cxd4
23.Re2 Nc5 24.Bc4 Nxa4 25.Rxe6 Rxe6 26.Bxe6+ Kg7 27.Nb3 Rd8 28.Ra1 Nc3 29.Nc5 Rd6
30.Bc4 Rc6 31.Ra5 Ne4 32.Ne6+ Kf6 33.Bd5 Rxe6 34.Bxb7 Nxg3 35.Bxa6 Ne2+ 36.Bxe2 Rxe2
37.Rc5 d3  0-1

[Event "Calcutta op"]
[Site "Calcutta"]
[Date "1996.??.??"]
[Round "2"]
[White "Bakre, Tejas"]
[Black "Kakageldyev, Amanmurad"]
[Result "0-1"]
[WhiteElo "2170"]
[BlackElo "2475"]

1.e4 g6 2.d4 Bg7 3.Nc3 d6 4.Be3 c6 5.Qd2 Nd7 6.Nge2 b5 7.d5 c5 8.Nxb5 Bxb2
9.Rb1 Bg7 10.Na3 Ngf6 11.f3 Nb6 12.Nc3 O-O 13.Be2 e6 14.dxe6 Bxe6 15.O-O Qe7
16.Bh6 Bxh6 17.Qxh6 d5 18.exd5 Nfxd5 19.Ne4 Bf5 20.Bd3 Bxe4 21.Bxe4 c4 22.Bxd5 Nxd5
23.Rb5 Nc7 24.Ra5 Qb4 25.Qg5 f5 26.Nxc4 Qxc4 27.h4 Ne6 28.Qh6 Qd4+ 29.Kh1 Rae8
30.Rb1 Rf7 31.Ra6 Rfe7 32.Rc6 Nf4 33.Kh2 Nh5 34.Qg5 Qe5+ 35.Kg1 Qd4+ 36.Kh2 Qd5
37.Ra6 Qc4 38.Ra3 Qc7+  0-1

[Event "Calcutta op"]
[Site "Calcutta"]
[Date "1996.??.??"]
[Round "6"]
[White "Kunte, Abhijit"]
[Black "Donguines, Fernie"]
[Result "1-0"]
[WhiteElo "2345"]
[BlackElo "2445"]

1.e4 g6 2.d4 Bg7 3.Nc3 d6 4.Bc4 Nc6 5.Be3 Nf6 6.f3 O-O 7.Qd2 a6 8.a4 e5 9.Nge2 exd4
10.Nxd4 Ne5 11.Ba2 c5 12.Nde2 Be6 13.Bxe6 fxe6 14.b3 Qe7 15.O-O Rad8 16.Ng3 Nf7
17.Rfe1 Rfe8 18.Bf2 Nd7 19.Rad1 Nde5 20.Be3 Rf8 21.Rf1 Rb8 22.h3 Rfe8 23.Kh1 Nc6
24.f4 b5 25.axb5 axb5 26.Rde1 b4 27.Na4 Nd4 28.Ne2 Nb5 29.e5 Rec8 30.exd6 Nbxd6
31.Ng3 Rb5 32.Qe2 c4 33.Nb6 Rc6 34.bxc4 Ra5 35.Bg1 Qh4 36.Qf3 Nd8 37.Rd1 Ra3
38.Rd3 Bf8 39.c5 N6b7 40.Nd7 Rxd3 41.Qxd3 Nxc5 42.Bxc5 Bxc5 43.Ne4 Be7 44.Qd4 Rxc2
45.f5 Qh6 46.Nef6+ Kh8 47.Ng4+ Qg7 48.f6 Bxf6 49.Rxf6 Nf7 50.Nde5 Rc7 51.Nxf7+ Rxf7
52.Qd8+ Qg8 53.Qxg8+  1-0

[Event "Calcutta op"]
[Site "Calcutta"]
[Date "1996.??.??"]
[Round "6"]
[White "Tilak, Sharad S"]
[Black "Kakageldyev, Amanmurad"]
[Result "0-1"]
[WhiteElo "2385"]
[BlackElo "2475"]

1.e4 g6 2.d4 Bg7 3.Nc3 d6 4.Nf3 c6 5.a4 Nf6 6.Be2 O-O 7.O-O Nbd7 8.Re1 Qc7
9.h3 e5 10.Be3 Re8 11.dxe5 dxe5 12.Nd2 Nf8 13.Nc4 Rd8 14.Qc1 Ne6 15.Rd1 Nd4
16.Bd3 Be6 17.Bg5 Rd7 18.f4 h6 19.Bxf6 Bxf6 20.fxe5 Bg5 21.Qb1 b5 22.axb5 cxb5
23.Nd6 Qc5 24.Kh1 Qxe5 25.Ndxb5 Nf3  0-1

[Event "Calcutta op"]
[Site "Calcutta"]
[Date "1996.??.??"]
[Round "8"]
[White "Antonio, Rogelio Jr"]
[Black "Kakageldyev, Amanmurad"]
[Result "0-1"]
[WhiteElo "2530"]
[BlackElo "2475"]

1.e4 g6 2.d4 Bg7 3.Nc3 d6 4.Be3 c6 5.Qd2 Nd7 6.h4 Ngf6 7.f3 h5 8.Nh3 b5 9.a4 b4
10.Nd1 a5 11.Ndf2 O-O 12.Bh6 c5 13.Bxg7 Kxg7 14.dxc5 Nxc5 15.Ng5 Qb6 16.Nfh3 Ba6
17.Nf4 Bxf1 18.Rxf1 Rac8 19.g4 hxg4 20.h5 gxf3 21.Nd5 Nxd5 22.exd5 f6 23.Qd4 Rh8
24.Ne6+ Kg8 25.Rg1 Rxh5 26.Rxg6+ Kh8 27.Kf2 Ne4+ 28.Kxf3 Qxd4 29.Nxd4 Ng5+
30.Kg4 Rh2 31.Kg3 Rh3+ 32.Kg4 Rc4 33.Rxg5 Rxd4+ 34.Kxh3 fxg5 35.Re1 Rxd5
36.Rxe7 Kg8 37.Rb7 Kf8 38.b3 Rc5 39.Kg4 Ke8 40.Rg7 Rxc2 41.Kf5  0-1

[Event "Calcutta op"]
[Site "Calcutta"]
[Date "1996.??.??"]
[Round "10"]
[White "Das, Dipanjan"]
[Black "Koshy, Varugeese"]
[Result "1/2-1/2"]
[WhiteElo "2160"]
[BlackElo "2410"]

1.e4 g6 2.d4 Bg7 3.Nc3 d6 4.Bc4 Nf6 5.Qe2 e5 6.dxe5 dxe5 7.Nf3 Nbd7 8.b3 O-O
9.Ba3 c5 10.O-O a6 11.Rfd1 Qa5 12.Bb2 b5 13.Bd5 Ra7 14.Bc6 Nb8 15.Bd5 Nbd7
16.Bc6 Nb8  1/2-1/2

[Event "Calcutta op"]
[Site "Calcutta"]
[Date "1996.??.??"]
[Round "10"]
[White "Khakpoor, Abbas"]
[Black "Donguines, Fernie"]
[Result "0-1"]
[WhiteElo "2200"]
[BlackElo "2445"]

1.e4 g6 2.d4 Bg7 3.Nc3 d6 4.Nf3 a6 5.Be2 b5 6.O-O Bb7 7.a4 b4 8.Nd5 a5 9.Bd3 Nd7
10.Bg5 h6 11.Bh4 g5 12.Bg3 Bxd5 13.exd5 Ngf6 14.h4 Nh5 15.Ne5 dxe5 16.Qxh5 Nf6
17.Qe2 exd4 18.hxg5 hxg5 19.Qe5 Qxd5 20.Qxc7 Kf8 21.Rae1 Qd7 22.Rxe7 Qxc7
23.Rxc7 Ne8 24.Rb7 Bf6 25.Re1 Kg7 26.Be5 Rf8 27.Rb5 g4 28.Re4 Bxe5 29.Rexe5 Nc7
30.Rg5+ Kf6 31.Rbf5+ Ke7 32.Rxg4 Ne6 33.Bc4 Rfd8 34.b3 Rac8 35.Rxa5 Rxc4
36.bxc4 b3 37.Ra7+ Kf6 38.cxb3 d3 39.Rg3 d2 40.Rf3+ Ke5 41.Ra5+ Kd4 42.Rxf7 d1=Q+
43.Kh2 Rh8+ 44.Kg3 Qd3+  0-1

[Event "Calcutta op"]
[Site "Calcutta"]
[Date "1996.??.??"]
[Round "10"]
[White "Tilak, Sharad S"]
[Black "Nirav Y, Rajasuba"]
[Result "1-0"]
[WhiteElo "2385"]
[BlackElo "2255"]

1.e4 g6 2.d4 Bg7 3.Nc3 d6 4.f4 Nd7 5.Nf3 c5 6.d5 a6 7.a4 Ngf6 8.Bc4 O-O 9.O-O Nb6
10.Bb3 Bg4 11.Qe2 Rc8 12.a5 Nbd7 13.h3 Bxf3 14.Rxf3 Nh5 15.g4 Bd4+ 16.Kh1 Ng7
17.Nd1 Ne8 18.c3 Bg7 19.Ne3 Kh8 20.g5 Nc7 21.h4 e5 22.f5 h5 23.Nc4 Ne8 24.Be3 Kg8
25.Raf1 b5 26.axb6 Nxb6 27.fxg6 fxg6 28.Rxf8+ Bxf8 29.Nxe5 dxe5 30.d6+ c4
31.Bxb6 Qxd6 32.Bxc4+ Kh8 33.Bg1 Bg7 34.b3 a5 35.Rd1 Qc6 36.Qf3 Nd6 37.Bd5 Qxc3
38.Qxc3 Rxc3 39.Ra1 Bf8 40.Kg2 Rc2+ 41.Kf3 Nb5 42.Rxa5 Nd4+ 43.Bxd4 exd4
44.Ra8 Kg7 45.Ra7+ Kh8 46.e5 Bc5 47.Rc7 d3 48.e6 Bd6 49.Rd7 d2 50.Ke2 Bb4
51.Be4 Rc1 52.Rxd2 Bxd2 53.e7 Rc8 54.Bxg6 Bf4 55.Kf3 Bd2 56.Bxh5 Be1 57.Kg4 Kg7
58.e8=Q Rxe8 59.Bxe8 Kf8 60.Bb5  1-0

[Event "Cannes op"]
[Site "Cannes"]
[Date "1996.??.??"]
[Round "3"]
[White "Olivier, Jean Christophe"]
[Black "Todorcevic, Miodrag"]
[Result "1-0"]
[WhiteElo "2280"]
[BlackElo "2450"]

1.e4 g6 2.d4 Bg7 3.Nc3 d6 4.f4 Nf6 5.Nf3 O-O 6.Bd3 Na6 7.O-O c5 8.d5 Bg4
9.h3 Bxf3 10.Rxf3 Nc7 11.a4 a6 12.a5 Nb5 13.Bd2 Nd4 14.Re3 e6 15.g4 exd5
16.Nxd5 Nxd5 17.exd5 Qf6 18.Re4 Qh4 19.Kg2 f5 20.Re1 g5 21.Rf1 Rac8 22.fxg5 Be5
23.Qe1 Qxe1 24.Raxe1 f4 25.b3 Rc7 26.g6 hxg6 27.Bxg6 c4 28.bxc4 Rxc4 29.Bd3 Rc7
30.c4 Nb3 31.Bb4 Rff7 32.Rxe5 dxe5 33.Bd6 Nc5 34.Bg6 Rg7 35.Bxe5 Rce7 36.Bxg7 Kxg7
37.Bf5 Kf6 38.Rxf4 Ke5 39.Rf2 Kd4 40.d6  1-0

[Event "Cannes op"]
[Site "Cannes"]
[Date "1996.??.??"]
[Round "5"]
[White "Kleinplatz, Sam"]
[Black "Barlov, Dragan"]
[Result "1-0"]
[WhiteElo "2345"]
[BlackElo "2460"]

1.d4 d6 2.e4 g6 3.Nc3 Bg7 4.Nf3 a6 5.a4 b6 6.Bc4 e6 7.O-O Ne7 8.Re1 h6 9.Bf4 Bb7
10.Qd2 Nd7 11.Bb3 g5 12.Bg3 Ng6 13.h3 Nf6 14.e5 Nh5 15.d5 Nxg3 16.fxg3 O-O
17.dxe6 Bxf3 18.exd6 cxd6 19.exf7+ Kh8 20.gxf3 Ne5 21.Kg2 Rc8 22.Rad1 Nc4
23.Bxc4 Rxc4 24.Re6 Qd7 25.Qe2 Qxf7 26.Rdxd6 Rcc8 27.Qe4 Qf5 28.Qxf5 Rxf5
29.Re3 b5 30.Re2 Rfc5 31.axb5 axb5 32.Rb6 Bxc3 33.bxc3 Rxc3 34.Rxh6+ Kg7
35.Rb6 Rxc2 36.Kf2 Rxe2+ 37.Kxe2 Rc5 38.Kd3 Kf7 39.Kd4 Rf5 40.Ke4 Rc5 41.Rd6 Rc8
42.Kf5 Rb8 43.Rd7+ Kg8 44.Kxg5 b4 45.Rd2 b3 46.Rb2 Rb4 47.f4 Kf7 48.Kf5 Kg7
49.Ke5  1-0

[Event "Cannes op"]
[Site "Cannes"]
[Date "1996.??.??"]
[Round "5"]
[White "Lukasiewicz, Grzegorz"]
[Black "Bricard, Emmanuel"]
[Result "0-1"]
[WhiteElo "2330"]
[BlackElo "2470"]

1.d4 g6 2.e4 d6 3.Nc3 Bg7 4.Bc4 e6 5.Be3 Ne7 6.Qd2 h6 7.O-O-O a6 8.f4 b5
9.Bb3 c6 10.Nf3 d5 11.e5 a5 12.a4 Ba6 13.g4 Nd7 14.Ne2 bxa4 15.Bxa4 Nb6 16.b3 Nxa4
17.bxa4 Nc8 18.f5 Bf8 19.c3 Rb8 20.Kc2 Nb6 21.Qe1 Nc4 22.Bc1 Qb6  0-1

[Event "Cannes Martinez op"]
[Site "Cannes"]
[Date "1996.??.??"]
[Round "5"]
[White "Sighirdjian, Eric Michael"]
[Black "Lebel Arias, Julia"]
[Result "1/2-1/2"]
[WhiteElo "2220"]
[BlackElo "2090"]

1.e4 g6 2.d4 Bg7 3.Nc3 d6 4.Be2 c6 5.a4 a5 6.Be3 Na6 7.Qd2 Nc7 8.Nf3 Nf6
9.Bh6 O-O 10.O-O Bd7 11.Bxg7 Kxg7 12.e5 dxe5 13.dxe5 Nfd5 14.Ne4 Ne6 15.Rfd1 Qc7
16.c4 Nb6 17.Qe3 Rad8 18.b3 Bc8 19.Qc3 Nd7 20.Ra2 b6 21.Rad2 Nb8 22.Nfg5 h6
23.Nxe6+ Bxe6 24.f4 Rxd2 25.Qxd2 f6 26.exf6+ exf6 27.Qd6 Qxd6 28.Rxd6 Re8
29.Bf3 f5 30.Nd2 Bd7 31.c5 bxc5 32.Nc4 Re6 33.Rd3 g5 34.Ne5 Be8 35.g3 Na6
36.Rc3 gxf4 37.gxf4 Rd6 38.Be2 Nb4 39.Rxc5 Rd4 40.Rxa5 Rxf4 41.Bc4 Kf6 42.Rc5 Re4
43.Nf3 Re3 44.Kg2 Bd7 45.Ra5 f4 46.Ra7 Be6 47.Rb7 Bxc4 48.Rxb4 Bxb3 49.Rxf4+ Ke7
50.Nd4 Bd5+ 51.Kf2 Rh3 52.Kg1 Kd6 53.Ne2 Ke5 54.Rg4 Ra3 55.Rh4 Bf3  1/2-1/2

[Event "Cannes op"]
[Site "Cannes"]
[Date "1996.??.??"]
[Round "9"]
[White "Minasian, Artashes"]
[Black "Todorcevic, Miodrag"]
[Result "0-1"]
[WhiteElo "2580"]
[BlackElo "2450"]

1.e4 g6 2.d4 Bg7 3.Nc3 d6 4.Bg5 c6 5.Qd2 Nd7 6.f4 b5 7.Nf3 b4 8.Nd1 a5 9.a3 Ngf6
10.Bd3 bxa3 11.Rxa3 d5 12.Bxf6 exf6 13.exd5 cxd5 14.Qe3+ Kf8 15.O-O Kg8 16.b3 Bf8
17.Ra2 Kg7 18.c4 dxc4 19.bxc4 Bb4 20.Nf2 Re8 21.Qc1 Bb7 22.f5 g5 23.d5 Rc8
24.Qa1 h6 25.h4 Qb6 26.Kh1 Re3 27.Rd1 Rce8 28.Ng4 R3e7 29.g3 Nc5 30.hxg5 hxg5
31.Rh2 Nxd3 32.Nxf6 Qxf6 33.Rh7+ Kxh7 34.Qxf6 Nf2+ 35.Kg2 Nxd1 36.Qxg5 Re2+
37.Kh3 Nf2+ 38.Kh4 Ne4 39.Qh5+ Kg8 40.f6 Nxf6 41.Qg5+ Kf8  0-1

[Event "EU-ch Rapid-30'"]
[Site "Cap d`Agde"]
[Date "1996.??.??"]
[Round "?"]
[White "Sokolov, Ivan"]
[Black "Ehlvest, Jaan"]
[Result "1-0"]
[WhiteElo "2670"]
[BlackElo "2660"]

1.d4 g6 2.e4 d6 3.Nc3 Bg7 4.Bg5 c6 5.Qd2 Nd7 6.f4 b5 7.Nf3 b4 8.Nd1 Qb6 9.Nf2 c5
10.Rd1 cxd4 11.Nxd4 Ngf6 12.Be2 O-O 13.O-O e5 14.Nb5 Nxe4 15.Qxb4 Nxf2 16.Rxf2 a6
17.Rxd6 Qb8 18.f5 axb5 19.fxg6 Ra4 20.gxf7+ Kh8 21.Qxb5 Qxd6 22.Qxa4 Qg6
23.Qh4 Qxc2 24.Bf3 Qb1+ 25.Rf1 Qg6 26.Be4 Qb6+ 27.Kh1 h6 28.Be7 Qd4 29.Bxf8 Nxf8
30.Qe1 Qxb2 31.Qc1 Qe2 32.Rf6 Qh5 33.Rf1 Ba6 34.Rf3 Qg4 35.Rf6 Qxe4 36.Rxh6+ Nh7
37.Rxa6 Qd5 38.Qf1 e4 39.Ra3 Qe6 40.Rh3 Bf8 41.Qa1+  1-0

[Event "Cappelle op"]
[Site "Cappelle la Grande "]
[Date "1996.??.??"]
[Round "1"]
[White "Kotan, Ladislav"]
[Black "Sturua, Zurab"]
[Result "0-1"]
[WhiteElo "2370"]
[BlackElo "2540"]

1.e4 g6 2.d4 Bg7 3.Nc3 d6 4.f4 Nf6 5.Nf3 O-O 6.Be3 b6 7.Bd3 Bb7 8.Qd2 a6
9.a4 e6 10.h3 c5 11.O-O Nbd7 12.f5 gxf5 13.exf5 cxd4 14.Nxd4 e5 15.Nb3 d5
16.Bh6 Bxh6 17.Qxh6 Kh8 18.Rae1 Rg8 19.Rf2 Rc8 20.Rd2 Qc7 21.Rf2 Rg7 22.Bf1 d4
23.Nd1 Rcg8 24.c3 Qc6 25.Qd2 Qxa4 26.cxd4 Qxb3 27.dxe5 Ne4 28.Rxe4 Bxe4 29.Qxd7 Qxh3
30.Qd2 Bxf5 31.Ne3 Be6 32.Bxa6 Rg5 33.Bb7 Rh5 34.Kf1 Qh1+ 35.Ke2 Qh4 36.Qc3 Qg3
37.Qd4 Qxe5 38.Qxe5+ Rxe5 39.Bf3 Rd8 40.Rf1 Bc4+  0-1

[Event "Cappelle op"]
[Site "Cappelle la Grande "]
[Date "1996.??.??"]
[Round "2"]
[White "Kazhgaleyev, Murtas"]
[Black "Welling, Gerard"]
[Result "1/2-1/2"]
[WhiteElo "2490"]
[BlackElo "2395"]

1.e4 g6 2.d4 Bg7 3.Nc3 d6 4.g3 b6 5.Bg2 Bb7 6.Nge2 e6 7.O-O Ne7 8.Be3 Nd7
9.Qd2 O-O 10.Bh6 Bxh6 11.Qxh6 Kh8 12.h3 Ng8 13.Qe3 Qe7 14.Rad1 a6 15.a4 Rae8
16.Nf4 Qg5 17.Rfe1 Qh6 18.a5 Ne7 19.axb6 cxb6 20.Na2 g5 21.Ne2 Qg6 22.Qa3 Bxe4
23.Bxe4 Qxe4 24.Qxd6 Qc6 25.Qxc6 Nxc6 26.Nec3 Nf6 27.Na4  1/2-1/2

[Event "Cappelle op"]
[Site "Cappelle la Grande "]
[Date "1996.??.??"]
[Round "6"]
[White "Dunnington, Angus J"]
[Black "Anastasian, Ashot"]
[Result "1/2-1/2"]
[WhiteElo "2450"]
[BlackElo "2520"]

1.d4 g6 2.e4 Bg7 3.Nc3 d6 4.Nf3 Nf6 5.Be3 O-O 6.Qd2 Bg4 7.Ng5 c6 8.f3 Bc8
9.h4 h6 10.Nh3 h5 11.Ng5 b5 12.a3 Nbd7 13.g4 e5 14.gxh5 Nxh5 15.d5 cxd5 16.Nxd5 a6
17.O-O-O Nc5 18.Nc3 Ne6 19.Nxe6 Bxe6 20.Qxd6 Qf6 21.Bg5 Qxf3 22.Be2 Qf2 23.Rhf1 Qh2
24.Rh1 Qf2 25.Rhf1 Qh2 26.Rh1  1/2-1/2

[Event "Cappelle op"]
[Site "Cappelle la Grande "]
[Date "1996.??.??"]
[Round "6"]
[White "Lupu, Mircea Sergiu"]
[Black "McNab, Colin Anderson"]
[Result "1/2-1/2"]
[WhiteElo "2500"]
[BlackElo "2465"]

1.e4 g6 2.d4 d6 3.Nc3 Bg7 4.Be3 Nf6 5.f3 c6 6.Qd2 Nbd7 7.Nh3 Qc7 8.Nf2 O-O
9.O-O-O b5 10.g4 Nb6 11.h4 b4 12.Nb1 c5 13.h5 c4 14.c3 Na4 15.cxb4 a5 16.b5 Bd7
17.Nc3 Nxc3 18.Qxc3 Bxb5 19.Rd2 Rfc8 20.Nd1 Ba4 21.Bh3 Rcb8 22.hxg6 hxg6
23.g5 Nh5 24.Bg4 Bxd1 25.Rhxd1 a4 26.Rc2 d5 27.exd5 Nf4 28.Qxc4 Qxc4 29.Rxc4 Nxd5
30.Bd2 e6 31.Kb1 Nb6 32.Rc6 Nd5 33.Rc4 Nb6 34.Rc6 Nd5 35.Rc4 Nb6 36.Rc6  1/2-1/2

[Event "WLS-ch"]
[Site "Cardiff"]
[Date "1996.??.??"]
[Round "2"]
[White "Smith, Jeff R"]
[Black "Saunders, Walter N R"]
[Result "1/2-1/2"]
[WhiteElo "2225"]
[BlackElo "2130"]

1.e4 d6 2.d4 g6 3.Nc3 Bg7 4.Bg5 h6 5.Bh4 c5 6.d5 a6 7.a4 b6 8.Nf3 Qc7 9.Be2 Nf6
10.Nd2 O-O 11.O-O Nbd7 12.f4 Bb7 13.Nc4 Rfe8 14.Bg3 Nh7 15.Bg4 Nhf8 16.e5 dxe5
17.d6 exd6 18.Nxd6 f5 19.Nxe8 Rxe8 20.Be2 e4 21.Bc4+ Kh7 22.Qe2 Ne6 23.Bxe6 Rxe6
24.Kh1 Nf6 25.Rad1 Nh5 26.Nd5 Bxd5 27.Rxd5 Bxb2 28.Qxa6 Bd4 29.Qa8 Nxg3+
30.hxg3 e3 31.Rd8 e2 32.Re1 Qg7 33.Qf3 Re3 34.Qf2 Qe7 35.Rb8 Qc7 36.Ra8 Qb7
37.Rd8 Qe7  1/2-1/2

[Event "Catalunya-chT"]
[Site "Catalunya"]
[Date "1996.??.??"]
[Round "?"]
[White "Mateu, Xavier"]
[Black "Muriel Rojas, Francisco"]
[Result "1/2-1/2"]
[WhiteElo "2365"]
[BlackElo "2220"]

1.e4 d6 2.d4 g6 3.Nc3 Bg7 4.Bg5 c6 5.Qd2 b5 6.f4 h6 7.Bh4 Nf6 8.Bd3 Nbd7
9.e5 b4 10.Nce2 dxe5 11.fxe5 Nd5 12.e6 N7f6 13.exf7+ Kxf7 14.Nf3 Ng4 15.O-O Bf5
16.c4 bxc3 17.bxc3 Rf8 18.h3 Nge3 19.Rf2 Qa5 20.g4 Bxd3 21.Qxd3 Kg8 22.Qxg6 Qb5
23.Qe6+ Kh8 24.Qe4 Rf7 25.Ne5 Rxf2 26.Ng6+ Kg8 27.Kxf2 e5 28.Rb1 Qa6 29.Ne7+ Kh8
30.Nxd5 Nxd5 31.dxe5 Rf8+ 32.Kg1 Qxa2 33.Rb7 Qa1+ 34.Rb1 Qa2 35.Rb7 Qa1+
36.Rb1 Qa2  1/2-1/2

[Event "Capablanca mem-D"]
[Site "Cienfuegos"]
[Date "1996.??.??"]
[Round "3"]
[White "Fandino, Roquelina"]
[Black "Frometa, Zirka"]
[Result "0-1"]
[WhiteElo "2145"]
[BlackElo "2190"]

1.e4 g6 2.d4 Bg7 3.Nc3 d6 4.Be3 Nf6 5.Be2 c6 6.f3 Nbd7 7.Nh3 O-O 8.Nf2 b5
9.Qd2 Nb6 10.b3 b4 11.Ncd1 a5 12.O-O Qc7 13.c3 bxc3 14.Nxc3 Bb7 15.Rac1 Rfc8
16.f4 Qd8 17.Ng4 Nbd7 18.f5 c5 19.d5 Ba6 20.Nh6+ Kf8 21.Bxa6 Rxa6 22.Qe2 Raa8
23.h4 Ne5 24.fxg6 hxg6 25.Rf2 c4 26.bxc4 Rxc4 27.Nb5 Rxe4 28.h5 Bxh6 29.Bxh6+ Kg8
30.Qd2 Nxh5 31.Nc7 Rc8 32.Qxa5 Ng4 33.Bd2 Nxf2 34.Kxf2 Qd7 35.Rc3 Ra4 36.Qb6 Rxa2
37.Ke3 Nf6  0-1

[Event "Capablanca mem-D"]
[Site "Cienfuegos"]
[Date "1996.??.??"]
[Round "10"]
[White "Fandino, Roquelina"]
[Black "Hernandez, Yadira"]
[Result "1-0"]
[WhiteElo "2145"]
[BlackElo "2215"]

1.e4 g6 2.d4 d6 3.Nc3 Bg7 4.Be3 c6 5.Qd2 b5 6.a4 b4 7.Nd1 a5 8.f3 Nf6 9.c3 bxc3
10.bxc3 O-O 11.Bd3 Ba6 12.Bxa6 Rxa6 13.Nh3 Nbd7 14.O-O e5 15.Nb2 d5 16.Nf2 Ra8
17.Rab1 Re8 18.Bg5 Qc7 19.dxe5 Nxe5 20.f4 Neg4 21.Bxf6 Nxf6 22.e5 Nd7 23.c4 dxc4
24.Nxc4 Red8 25.Qc2 Nc5 26.Nb6 Bf8 27.Nxa8 Rxa8 28.Ne4 Ne6 29.Rbd1 c5 30.Rd7 Qb6
31.Nf6+ Kg7 32.Rb1 Qc6 33.Rbb7 Nd8 34.Rbc7 Qe6 35.Qd2 Rb8 36.Rxd8 Rb1+ 37.Kf2 Qb6
38.Rxf7+ Kxf7 39.Qd5+ Qe6 40.Rxf8+  1-0

[Event "Capablanca mem-C"]
[Site "Cienfuegos"]
[Date "1996.??.??"]
[Round "13"]
[White "Ricaurte Lopez, Juan Carlos"]
[Black "Espinosa, Julio"]
[Result "1-0"]
[WhiteElo "2365"]
[BlackElo "2335"]

1.e4 g6 2.d4 Bg7 3.Nc3 d6 4.Be3 c6 5.Qd2 Nd7 6.O-O-O b5 7.f3 Nb6 8.Bd3 Rb8
9.h4 b4 10.Nce2 Be6 11.b3 a5 12.Kb1 Nf6 13.Nh3 Qc7 14.Nhf4 Bc8 15.h5 Nfd7
16.d5 cxd5 17.exd5 g5 18.Nh3 h6 19.Be4 Ne5 20.Nd4 O-O 21.Nc6 Nxd5 22.Qxd5  1-0

[Event "Obro Nytaar op"]
[Site "Copenhagen"]
[Date "1996.??.??"]
[Round "7"]
[White "Carlsson, Daniel"]
[Black "Christensen, Bo Garner"]
[Result "1-0"]
[WhiteElo "2195"]
[BlackElo "2230"]

1.e4 d6 2.d4 g6 3.Nc3 Bg7 4.f4 a6 5.Nf3 b5 6.Bd3 c5 7.Be3 c4 8.Be2 Bb7 9.a3 Nf6
10.Nd2 Nbd7 11.O-O Qb6 12.Bf3 e5 13.Ne2 O-O 14.c3 Bh6 15.Qe1 Rae8 16.Qh4 Kg7
17.Rae1 d5 18.Ng3 exf4 19.Bxf4 Bxf4 20.Qxf4 Ne5 21.Qg5 Nd3 22.Re3 Ng8 23.Be2 h6
24.Nf5+ Kh7 25.Nxh6 Re5 26.dxe5 Nxh6 27.Rf6 Qa7 28.Bxd3 cxd3 29.Kh1 Bc8 30.Rg3 Ng8
31.Rf1 Qe7 32.exd5 Qxg5 33.Rxg5 Ne7 34.e6 Nf5 35.Rgxf5 gxf5 36.Rxf5 Kg7 37.Rg5+ Kf6
38.Ne4+ Ke7 39.Rg7 Bb7 40.Rxf7+ Rxf7 41.exf7 Bxd5 42.Nd2 Kxf7 43.Kg1 Kf6
44.Kf2 Kf5 45.h3 Kg5 46.Nf3+ Kf4 47.g3+ Ke4 48.Nd2+ Kf5 49.Ke3 Bg2 50.g4+ Ke5
51.h4 Bh3 52.Kf3  1-0

[Event "Politiken Cup"]
[Site "Copenhagen"]
[Date "1996.??.??"]
[Round "7"]
[White "Hyldkrog, Lars"]
[Black "Hammes, Frank"]
[Result "1-0"]
[WhiteElo "2075"]
[BlackElo "2190"]

1.e4 g6 2.d4 Bg7 3.Nc3 d6 4.f4 c6 5.Nf3 Nf6 6.Bd3 O-O 7.O-O Nbd7 8.e5 dxe5
9.dxe5 Nd5 10.Nxd5 cxd5 11.Be3 b6 12.e6 fxe6 13.Ng5 Nf6 14.Bd4 h6 15.Bxg6 hxg5
16.fxg5 Ne4 17.Bxg7 Kxg7 18.Qh5 Nxg5 19.Qxg5 Rf6 20.Bh5+ Kh8 21.Rxf6 exf6
22.Qh6+ Kg8 23.Qg6+ Kh8 24.Rf1 Ba6 25.Qh6+ Kg8 26.Rf3  1-0